| 000 | 00739nam a2200217Ia 4500 | ||
|---|---|---|---|
| 001 | 1760 | ||
| 003 | GE_BSU | ||
| 008 | 181216s||||||||xx |||||||||||||| ||und|| | ||
| 040 | _cGE_BSU | ||
| 080 | _a616.1/4(075.8)+616.6(075.8) | ||
| 100 | _aალადაშვილი, ვ. | ||
| 245 | _aშინაგანი დაავადებები.(ნ1) | ||
| 245 | _bსახ-ლო სამედიცინო ინ–ტის სტუდენტებისათვის | ||
| 260 | _aთბილისი | ||
| 260 | _bგანათლება | ||
| 260 | _c2007 | ||
| 300 | _a391 გვ. 21 სმ. | ||
| 541 | _h10 ლ. | ||
| 653 | _aშინაგანი დაავადებები | ||
| 942 | _cBK | ||
| 999 |
_c35869 _d35869 |
||